00298 a2200109 4500001000700000020000600007040001100013100002400024240006800048245006300116362000900179168890 a  cMagnum aRojo, Roxane (Org.)10aA pratica da linguagem em sala de aula: praticando os pcnslpor10aA pratica da linguagem em sala de aula: praticando os pcns0 a1899